| 000 | 00813nam a2200217Ia 4500 | ||
|---|---|---|---|
| 003 | Ost | ||
| 005 | 20260507075002.0 | ||
| 008 | 260507s9999||||xx |||||||||||||| ||und|| | ||
| 020 | _a9773450910 | ||
| 040 | _cfsecg | ||
| 041 | _aara | ||
| 082 | _a658.3124 | ||
| 100 |
_aهارت، لوي _eمؤلف |
||
| 245 | 0 |
_aوسائل التدريب الفعالة / _c لوي هارت |
|
| 260 |
_aالقاهرة: _bدار الفاروق, _c2007 |
||
| 300 |
_a72 صفحة؛ _c24 سم |
||
| 520 | _aيضم التنوع في وسائل التدريب ، كيفية إستخدام وسائل التدريب ، اعداد وسائل التدريب وكيفية إستخدامها ، وسائل التدريب الناجحة | ||
| 653 | _aالتدريب | ||
| 653 | _aالتوجيه الاداري | ||
| 942 | _cكتاب | ||
| 999 |
_c42086 _d42086 |
||